Phonics, Grades 3-6 (Extra Practice for Struggling Readers) (Record no. 125340)

MARC details
000 -LÍDER
campo de controle de tamanho fixo 00295 a2200121 4500
001 - NÚMERO DE CONTROLE
campo de controle 125340
020 ## - ISBN - INTERNATIONAL STANDARD BOOK NUMBER
ISBN - International Standard Book Number 9780545124096
040 ## - FONTE DA CATALOGAÇÃO
Instituição que transcreveu o registro Escola Canadense de Niteroi
100 ## - ENTRADA PRINCIPAL--NOME PESSOAL
Nome pessoal Beech, Linda
245 10 - TÍTULO
Título Phonics, Grades 3-6 (Extra Practice for Struggling Readers)
362 0# - DATAS DE PUBLICAÇÃO E/OU DESIGNAÇÃO SEQUENCIAL
Datas de publicação e/ou designação sequencial 2010
942 ## - ELEMENTOS DE ENTRADA ADICIONADOS (KOHA)
Tipo de material Koha Livros
Holdings
Situação do descarte Situação das perdas Situação física Não pode ser emprestado Biblioteca de origem Biblioteca atual Data de aquisição Total de empréstimos Código de barras Data de último acesso Data do preço efetivo Tipo de material Koha
        Canadian School of Niterói - Piratininga Canadian School of Niterói - Piratininga 09/02/2024   A03473 09/02/2024 09/02/2024 Livros